000 01646cam a2200145 4500500
005 20260405085553.0
041 _afre
042 _adc
100 1 0 _aFrançois, Abel
_eauthor
700 1 0 _aPhélippeau, Éric
_eauthor
245 0 0 _aLe financement de la vie politique : Réglementations, pratiques et effets politiques
260 _bArmand Colin,
_c2015.
520 _aL’argent est une ressource politique désormais très encadrée par la réglementation et les politiques publiques. Cet ouvrage offre une analyse socio-économique et comparative des dispositifs créés en réponse aux différentes tensions induites par cette question sensible du financement de la vie politique. Il souligne le caractère de plus en plus systémique de ces politiques éthiques qui concernent aussi bien les comptes des candidats et des partis, que la transparence du patrimoine des élites publiques, l’encadrement des conflits d’intérêts, les relations entre groupes de pression et institutions politiques. Il montre combien ces règles sont produites par et pour des hommes et des institutions qui se gardent de trop s’exposer à la menace de sanctions au moment de légiférer. Ces dispositifs ont permis la production de données financières qui interrogent sur le fonctionnement et les transformations de la vie politique, sans omettre de questionner la fiabilité, voire les limites des informations comptables transmises par les candidats, les partis politiques et bien d’autres institutions publiques.
856 4 1 _uhttps://shs.cairn.info/le-financement-de-la-vie-politique--9782200282196?lang=fr&redirect-ssocas=7080
999 _c2198628
_d2198628